000 00919cab a2200265 4500
001 WB3009-48
008 090401t1994 xxu||||| |||| 00| 0 eng d
035 _a(Sirsi) u31296
041 _aeng
245 _aGrowth set to return
260 _c1994
350 _a0
490 _aRICS Press Release
_v(PR33/94comm) 3 March 1994 (2)
520 _aThe latest forecast of the RICS-sponsorder London Business School Commercial Property Model indicates that the recovery witnessed in the commercial property market over that last few months is set to continue.
650 _aCAPITAL VALUES
650 _aCOMMERCIAL PROPERTY PRICES
650 _aFORECASTS
650 _aIPD MONTHLY INDEX
650 _aLBS / RICS COMMERCIAL PROPERTY MODEL
650 _aLONDON BUSINESS SCHOOL
650 _aRICS / LBS COMMERCIAL PROPERTY MODEL
690 _aPROPERTY-COMMERCIAL PROPERTY
942 _n0
948 _c04/03/1997
999 _c21020
_d21020